|
|
|
|
| LEADER |
00655cam a2200217ua 4500 |
| 008 |
090525t2002||||||||||| 001 ||eng c |
| 020 |
|
|
|a 81-265-0329-7
|
| 041 |
0 |
|
|a eng
|
| 082 |
|
|
|a 005.711
|b HUN/P
|
| 245 |
0 |
0 |
|a Programming ADO.net /
|
| 260 |
|
|
|a New York:
|b John wiley and sons,
|c 2002.
|
| 300 |
|
|
|a xii, 892p..
|
| 362 |
1 |
|
|a 2002.
|
| 365 |
|
|
|a Rs.399/-
|e pb
|
| 500 |
|
|
|a Includes index.
|
| 650 |
|
|
|a ADO.net
|
| 650 |
0 |
|
|a Computer science
|
| 700 |
0 |
2 |
|a Hundhausen, Richard,
|
| 942 |
|
|
|c BK
|
| 999 |
|
|
|c 21034
|d 21034
|
| 952 |
|
|
|0 0
|1 0
|4 0
|6 005_711000000000000_HUN
|7 0
|9 22207
|a KUCL
|b KUCL
|d 2014-05-23
|l 1
|o 005.711 HUN/
|p 21385
|r 2015-07-10
|s 2015-05-12
|w 2014-05-23
|y BK
|